000 00450nam a2200157 i 4500
001 57461
003 ES-MaACL
005 20230906163600.0
007 t|
008 031016s1910 fr ||||1| fre d
100 1 _aDromard, Gabriel.
_945656
245 1 4 _aLes meusouges de la vie intérieure /
_cpar Gabriel Dromard.
260 _aParis :
_b[s.n.],
_c1910 (
_eEvreux :
_fCh. Herissey)
300 _aII, 181 p. ;
_c18 cm.
852 _aES-MaACL
_jF-11871
999 _c57461
_d57461